Normal view
MARC view
- لاشين،عبدالقادر فتحي/فريق خبراء من المنظمة العربية للتنمية الادارية
Entry Personal Name
001 - CONTROL NUMBER
- control field: 32863
003 - CONTROL NUMBER IDENTIFIER
- control field: JO-AjAnu
005 - DATE AND TIME OF LATEST TRANSACTION
- control field: 20230606075523.0
008 - FIXED-LENGTH DATA ELEMENTS
- fixed length control field: 230606|| aca||aabn | a|a d
040 ## - CATALOGING SOURCE
- Original cataloging agency: JO-AjAnu
- Transcribing agency: JO-AjAnu
100 ## - HEADING--PERSONAL NAME
- Personal name: لاشين،عبدالقادر فتحي/فريق خبراء من المنظمة العربية للتنمية الادارية
670 ## - SOURCE DATA FOUND
- Source citation: Work cat.: (JO-AjAnu)16883: لاشين،عبدالقادر فتحي/فريق خبراء من المنظمة العربية للتنمية الادارية, author, دراسة تطوير محاور النقل البري والبحري في المنظمة العربية:ج 2 النقل البحري بين الدول العربية التقرير النهائي